[Event "Selestat op-B 13th"]
[Site "Selestat"]
[Date "2006.02.??"]
[Round "3"]
[White "Spielmann, Jean"]
[Black "Tietjen, Uwe"]
[Result "0-1"]
[WhiteElo "1650"]
[BlackElo "1780"]
[PlyCount "48"]
[EventDate "2006.02.23"]
[EventType "swiss"]
[EventRounds "7"]
[EventCountry "FRA"]
[SourceTitle "CBM 111 Extra"]
[Source "ChessBase"]
[SourceDate "2006.05.09"]
[SourceVersion "1"]
[SourceVersionDate "2006.05.09"]
[SourceQuality "1"]

1. e4 Nf6 2. Nc3 d5 3. exd5 Nxd5 4. Nxd5 Qxd5 5. d3 e5 6. Qf3 Qa5+ 7. Bd2 Qb6 8. Rb1 Nc6 9. Qd1 Bc5 10. Qe2 0-0 11. g3 Nd4 12. Qd1 Nxc2+ 13. Qxc2 Bxf2+ 14. Kd1 Bxg1 15. Bg2 Bxh2 16. Ba5 Qxa5 17. Rxh2 Bg4+ 18. Bf3 Bxf3+ 19. Re2 e4 20. d4 Rae8 21. Qc3 Qh5 22. Qd2 c5 23. Kc2 Bxe2 24. Re1 Bd3+ 0-1